000
00245nam a2200109 4500
999
_c
530135
_d
530135
020
_a
9780419160304
040
_c
DLC
082
_a
624.15132
_b
HOE
100
_a
Hoek, Evert
_9
23486
245
_a
Underground Excavations in Rock
942
_2
ddc
_c
BK